|
|
|
|
| LEADER |
00000ngm a2200000 a 4500 |
| 001 |
vtls008408912 |
| 003 |
SK-MaSNL |
| 005 |
20260301075656.0 |
| 007 |
vf cbahos |
| 008 |
051110s2005 xo 085 d vlcze |
| 028 |
4 |
2 |
|a 2417
|b Intersonic
|
| 040 |
|
|
|a SNK
|b slo
|c SNK
|e AACR2
|
| 041 |
1 |
|
|a cze
|h eng
|
| 044 |
|
|
|a xo
|c SK
|
| 072 |
|
7 |
|a 791
|x Film. Cirkus. Ľudová zábava
|2 konspekt
|
| 080 |
|
|
|a 791.221.7
|2 2001
|
| 080 |
|
|
|a (73)
|2 2001
|
| 080 |
|
|
|a (086.86)
|2 2001
|
| 130 |
0 |
|
|a Faultline
|l Česky
|9 400138
|
| 245 |
1 |
0 |
|a Prasklina
|h videozáznam
|c [réžia] Rex Piano
|
| 260 |
|
|
|a Bratislava
|b Intersonic
|c 2005
|
| 300 |
|
|
|a 1 videokazeta (85 min.)
|b fareb., stereo, VHS systém PAL
|c 10 x 19 cm
|
| 650 |
0 |
7 |
|a akčné filmy
|2 SNKPH
|9 51531
|
| 650 |
0 |
7 |
|a hrané filmy
|2 SNKPH
|9 68885
|
| 655 |
|
7 |
|a videokazety
|2 SNKPH
|9 70726
|
| 700 |
1 |
|
|a Piano, Rex
|4 drt
|9 400139
|
| 999 |
|
|
|c 650970
|d 652900
|
| 952 |
|
|
|a SNK
|b SNK
|y PREZ
|7 0
|p 17A0487901
|o snkSVC 1631
|i snk2005/19094
|8 0
|0 0
|1 0
|4 0
|d 2005-11-10
|l 0
|r 2026-02-23 18:22:06
|w 2026-02-23
|